000 01078nam a22003255a 4500
006 a||||fr|||| 00| 0
008 080915t2011 maua|||frb||| 001 0 eng d
010 _a 2006021201
020 _a0071311114
020 _a9780071311113
035 _a(OCoLC)ocm63691383
035 _a(OCoLC)63691383
040 _aEG-ScBUE
_beng
_cEG-ScBUE
082 0 4 _a621.4021
_bCEN
_222
100 1 _aCengel, Yunus A.
_923293
245 1 0 _aThermodynamics :
_bAn Engineering Approach /
_cYunus A. Cengel, Michael A. Boles.
250 _a7th ed.
260 _aBoston :
_bMcGraw-Hill Higher Education,
_cc. 2011.
300 _axxv, 978 p. :
_bill. ;
_c27 cm. +
_e1 CD-ROM (4 3/4in.)
490 1 _aMcGraw-Hill series in mechanical engineering
500 _aIndex : p. 953-978.
504 _aIncludes bibliographical references.
590 _aMenna elemam
650 0 _aThermodynamics.
_923295
_2BUEsh
651 _2BUEsh
653 _bENGGEN
_cAugust2015
_cOctober2011
653 _cFebruary2013
700 1 _aBoles, Michael A.
_923297
942 _cBB
_k621.4021 CEN
_2ddc
999 _c15170
_d15170